| 000 | 01384nam a22002655i 4500 | ||
|---|---|---|---|
| 001 | 176649 | ||
| 003 | ES-MaACL | ||
| 005 | 20230906220142.0 | ||
| 008 | 110128s1964 sp af |||| | spa d | ||
| 080 | _a726.71(460.233 Ripoll) | ||
| 080 | _a73(467.13 Ripoll)"12/13" | ||
| 100 | 1 |
_aAgustí, Selim. _9150987 |
|
| 245 | 1 | 3 |
_aLa portada de Santa María de Ripoll / _c[Selim Augustí]. |
| 260 |
_a[Madrid] : _bDirección General de Bellas Artes, _c1964. |
||
| 300 |
_a22, [7] p. de lám. ; _c28 cm. |
||
| 490 | 1 |
_aInformes y trabajos del Instituto de Conservación y Restauración de Obras de Arte, Arqueología y Etnología ; _v1 |
|
| 594 | _aTít. extenso: Relación sobre la naturaleza, el estado y las condiciones del material de piedra... de la portada y del claustro de la Basílica del Monasterio de Santa María de Ripoll. | ||
| 610 | 2 | 4 |
_aMonasterio de Santa María de Ripoll. _9144922 |
| 650 | 4 |
_aEscultura románica- _zGerona (Provincia) _9150986 |
|
| 710 | 1 |
_aEspaña. _bDirección General de Bellas Artes. _93704 |
|
| 710 | 2 |
_aInstituto Central de Restauración y Conservación de Obras y Objetos de Arte, Arqueología y Etnología (España) _9163129 |
|
| 830 | 0 |
_aInformes y trabajos del Instituto de Conservación y Restauración de Obras de Arte, Arqueología y Etnología ; _v1 _9190191 |
|
| 852 |
_aES-MaACL _j2287-F-3 _xOlim P-1478 |
||
| 999 |
_c176649 _d176649 |
||